000 00577nam a2200181 i 4500
001 184712
003 ES-MaACL
005 20230906222247.0
008 151117s1888 sp |||| | spa d
080 _a811.111(076)
245 0 0 _aColección de trozos escogidos (prosa y verso) /
_cpor Eduardo Martín Peña.
260 _aMadrid :
_b[s.n.],
_c1888 (
_fG. Juste)
300 _aVI, 240 p. ;
_c19 cm.
594 _aPrecede al tít.: Lengua inglesa.
650 0 4 _aLengua inglesa-
_vLecturas.
_914279
700 1 _aMartín Peña, Eduardo.
_9129605
852 _aES-MaACL
_jF-13568
999 _c184712
_d184712